Hagyomány és Innováció a Gundel étteremben

Bibliográfiai részletek
Szerző: Tajtyi Patrik
További közreműködők: Lenkovics Dr. Beatrix
Dokumentumtípus: Diplomadolgozat
Kulcsszavak:Fine dining
Street Food
Gundel
Hagyomány
Online Access:http://dolgozattar.uni-bge.hu/18292

MARC

LEADER 00000nta a2200000 i 4500
001 dolg18292
005 20181127130018.0
008 181127suuuu hu om 000 hun d
040 |a BGE Dolgozattár Repozitórium  |b hun 
041 |a hu 
100 1 |a Tajtyi Patrik 
245 1 0 |a Hagyomány és Innováció a Gundel étteremben  |c Tajtyi Patrik  |h [elektronikus dokumentum] 
246 1 1 |a Hagyomány és Innováció a Gundel étteremben 
695 |a Fine dining 
695 |a Street Food 
695 |a Gundel 
695 |a Hagyomány 
700 1 |a Lenkovics Dr. Beatrix  |e ths 
856 4 0 |u http://dolgozattar.uni-bge.hu/18292/1/Tajtyi_Patrik_t66gpu.pdf  |z Dokumentum-elérés